ბათუმის შოთა რუსთაველის სახელმწიფო უნივერსიტეტის ბიბლიოთეკა

იოსებ ლაღიაშვილი (ბიბ.ჩანაწერი № 48933)

000 -LEADER
fixed length control field 00717nam a2200229Ia 4500
001 - CONTROL NUMBER
control field 15836
003 - CONTROL NUMBER IDENTIFIER
control field GE_BSU
008 - FIXED-LENGTH DATA ELEMENTS--GENERAL INFORMATION
fixed length control field 181216s||||||||xx |||||||||||||| ||und||
040 ## - CATALOGING SOURCE
Transcribing agency GE_BSU
100 ## - MAIN ENTRY--PERSONAL NAME
Personal name ხახუტაშვილი, ანა (ცქვიტი)
245 ## - TITLE STATEMENT
Title იოსებ ლაღიაშვილი
245 ## - TITLE STATEMENT
Remainder of title რომანი
245 ## - TITLE STATEMENT
Statement of responsibility, etc. რედ. გ.ნატროშვილი
250 ## - EDITION STATEMENT
Edition statement მე-2 გამოც
260 ## - PUBLICATION, DISTRIBUTION, ETC.
Place of publication, distribution, etc. თბილისი
260 ## - PUBLICATION, DISTRIBUTION, ETC.
Name of publisher, distributor, etc. საბჭ. მწერალი
260 ## - PUBLICATION, DISTRIBUTION, ETC.
Date of publication, distribution, etc. 1948
300 ## - PHYSICAL DESCRIPTION
Extent 239გვ. ; 21სმ
653 ## - INDEX TERM--UNCONTROLLED
Uncontrolled term იოსებ ლაღიაშვილი
653 ## - INDEX TERM--UNCONTROLLED
Uncontrolled term რომანი
942 ## - ADDED ENTRY ELEMENTS (KOHA)
Koha item type წიგნი
ეგზემპლარები
Withdrawn status Lost status Damaged status Not for loan Date acquired Barcode Date last seen Price effective from Koha item type
        2018-12-17 39498 2018-12-17 2018-12-17 წიგნი
        2018-12-17 39499 2018-12-17 2018-12-17 წიგნი